|
|
|
|
| LEADER |
01175nam a2200253 a 4500 |
| 001 |
GR-Patra33950 |
| 008 |
090122s2008 nyu b u001 b eng d |
| 020 |
|
|
|a 9781403949356
|
| 082 |
|
0 |
|a 361.3
|
| 100 |
1 |
|
|a Humphries, Beth
|
| 245 |
1 |
0 |
|a Social work research for social justice /
|c Beth Humphries.
|
| 260 |
|
|
|a New York :
|b Palgrave Macmillan,
|c 2008
|
| 300 |
|
|
|a xi, 219 σ. ;
|c 24 εκ.
|
| 490 |
0 |
|
|a Reshaping social work
|
| 504 |
|
|
|a Περιλαμβάνει βιβλιογραφίες και ευρετήριο.
|
| 650 |
|
4 |
|a ΚΟΙΝΩΝΙΚΗ ΔΙΚΑΙΟΣΥΝΗ
|
| 650 |
|
4 |
|a ΚΟΙΝΩΝΙΚΗ ΕΡΓΑΣΙΑ
|
| 650 |
|
4 |
|a ΚΟΙΝΩΝΙΚΗ ΕΡΕΥΝΑ
|
| 710 |
0 |
|
|a Palgrave Macmillan
|
| 942 |
|
|
|2 ddc
|
| 952 |
|
|
|0 0
|1 0
|2 ddc
|4 0
|6 361_300000000000000_HUM
|7 0
|9 316211
|a LISK
|b LISK
|c BSC
|d 2021-01-17
|e 24
|f 0
|g 0.00
|l 0
|o 361.3 HUM
|p 92410051023
|r 2021-01-17 00:00:00
|t 1
|w 2021-01-17
|y BK15
|x 20130726 0 1
|x GrPaTEI
|
| 952 |
|
|
|0 0
|1 0
|2 ddc
|4 0
|6 361_300000000000000_HUM
|7 1
|9 316212
|a LISK
|b LISK
|c BSC
|d 2021-01-17
|e 24
|f 0
|g 0.00
|l 0
|o 361.3 HUM
|p 92410051024
|r 2021-01-17 00:00:00
|t 1
|w 2021-01-17
|y BKN
|x 20130726 0 0
|x GrPaTEI
|
| 971 |
|
|
|a .b26815229
|b 01-10-20
|c 27-09-16
|
| 999 |
|
|
|c 180096
|d 180096
|